• 首页
  • 本馆介绍
  • 公告通知
  • 最新文献
  • 馆藏检索
  • 电子资源
  • 读者导购
  • 参考咨询
  • 我的图书馆
  • 登录
  • 详细信息显示
  • 放入我的书架
  • 预约/预借图书
  • 作者相关作品
  • 分类相关作品
  • 丛书相关作品
  • 出版社相关作品

书目信息

  • 表格格式
  • 工作单格式
  • 卡片格式
题名:
聚酰亚胺纤维
    
 
作者: 高连勋 编著
分册:  
出版信息: 北京   国防工业出版社  2017.5
页数: 12,180页
开本: 24cm
丛书名: 高性能纤维技术丛书
单 册:
中图分类: TQ342
科图分类:
主题词: 聚酰亚胺纤维--研究
电子资源:
ISBN: 978-7-118-11130-9
000 00853oam2 2200265 450
001 0400001694
005 20171019133223.0
010    @a978-7-118-11130-9@dCNY68.00
100    @a20170905d2017 em y0chiy50 ea
101 0  @achi
102    @aCN@b110000
105    @ay z 000yy
106    @ar
200 1  @a聚酰亚胺纤维@9ju xian ya an xian wei@f高连勋编著
210    @a北京@c国防工业出版社@d2017.5
215    @a12,180页@d24cm
225 1  @a高性能纤维技术丛书@f周宏主编
300    @a国家出版基金项目
330    @a本书简要回顾了聚酰亚胺纤维的国内外研究历程与发展趋势,重点介绍聚酰亚胺纤维的纺制方法以及纤维化学结构与纤维综合性能的相关性。
461  0 @12001 @a高性能纤维技术丛书
606 0  @a聚酰亚胺纤维@x研究
690    @aTQ342@v5
701  0 @a高连勋@9gao lian xun@4编著
801  0 @aCN@b91MARC@c20171019
905    @b1030236-40@dTQ342@f5@e22
    
    聚酰亚胺纤维/高连勋编著.-北京:国防工业出版社,2017.5
    12,180页;24cm.-(高性能纤维技术丛书/周宏主编)
    国家出版基金项目
    
    ISBN 978-7-118-11130-9:CNY68.00
    本书简要回顾了聚酰亚胺纤维的国内外研究历程与发展趋势,重点介绍聚酰亚胺纤维的纺制方法以及纤维化学结构与纤维综合性能的相关性。
●
相关链接 在E读中查询图书 在五车中查询图书 在当当中查询图书 在豆瓣中查询图书


正题名:聚酰亚胺纤维     索取号:TQ342/22         预约/预借

序号 登录号 条形码 馆藏地/架位号 状态 备注
1 1030236   210302368   第二样本阅览室/ [索取号:TQ342/22] 在馆    
2 1030237   210302377   密集书库-化学系/ [索取号:TQ342/22] 在馆    
3 1030238   210302386   第三借阅区/ [索取号:TQ342/22] 在馆    
4 1030239   210302395   第三借阅区/ [索取号:TQ342/22] 在馆    
5 1030240   210302402   第三借阅区/ [索取号:TQ342/22] 在馆    
唐山师范学院图书馆 欢迎您!
大连网信软件有限公司© 版权所有